[Event "Aktivschach 2008"]
[Site "?"]
[Date "2009.08.12"]
[Round "2"]
[White "Super Expert C 6 MHz, Novag"]
[Black "Modena, Mephisto"]
[Result "0-1"]
[WhiteElo "2034"]
[BlackElo "1859"]
[Annotator "Alexander Riedel"]
[PlyCount "92"]
[EventDate "2008.??.??"]
[SourceDate "2009.06.14"]

1. d4 f5 2. h3 e6 3. g4 Be7 4. gxf5 exf5 5. Nf3 Nf6 6. Rg1 O-O 7. Bh6 Ne8 8.
Nbd2 d5 9. c4 Qd6 10. Bg5 Bxg5 11. Rxg5 dxc4 12. Qa4 Bd7 13. Qxc4+ Be6 14. Qc3
Nd7 15. Bg2 Nef6 16. O-O-O Nd5 17. Qb3 Nf4 18. Qe3 Qc6+ 19. Kb1 Bxa2+ 20. Ka1
Qa4 21. Rg1 Nxe2 22. Qa3 Qxa3 23. bxa3 h6 24. Re1 hxg5 25. Rxe2 Bd5 26. Bf1
Rae8 27. Nxg5 c6 28. Kb2 Nf6 29. Kc3 Rxe2 30. Bxe2 Ne4+ 31. Ndxe4 fxe4 32. Kd2
Rxf2 33. Ke3 Rg2 34. h4 b5 35. Bf1 Rg3+ 36. Kf4 Rxa3 37. Nxe4 a5 38. Nd2 a4 39.
Ke5 Ra2 40. Ne4 b4 41. Nd6 b3 42. Nf5 Kf7 43. Nd6+ Kf8 44. h5 a3 45. Nc4 Rf2
46. Nxa3 Rxf1 0-1

[Event "Aktivschach 2008"]
[Site "?"]
[Date "2009.08.11"]
[Round "2"]
[White "Super Expert C 6 MHz, Novag"]
[Black "Polgar, Mephisto"]
[Result "1-0"]
[WhiteElo "2034"]
[BlackElo "2002"]
[Annotator "Alexander Riedel"]
[PlyCount "111"]
[EventDate "2008.??.??"]
[SourceDate "2009.06.14"]

1. d4 d5 2. c4 c6 3. Nc3 Nf6 4. e3 e6 5. Nf3 Nbd7 6. Bd3 dxc4 7. Bxc4 b5 8. Bd3
Bb7 9. e4 b4 10. Na4 c5 11. e5 Nd5 12. Nxc5 Bxc5 13. dxc5 Qa5 14. O-O Nxc5 15.
Bc2 Rc8 16. Bd2 Ba6 17. Re1 Nd3 18. Bxd3 Bxd3 19. a3 Qb6 20. axb4 Rc2 21. Be3
Qb5 22. Nd4 Qc4 23. Nxc2 Bxc2 24. Qd2 a6 25. Rec1 Nxb4 26. Qc3 Qxc3 27. bxc3
Bd3 28. cxb4 O-O 29. Rc7 Rb8 30. Ba7 Rf8 31. Rd1 Be2 32. Rdd7 Bb5 33. Re7 Rd8
34. f3 Be8 35. Bb6 h5 36. Ra7 Rb8 37. Bc7 Rc8 38. Rxa6 Bb5 39. Ra7 g5 40. Kf2
h4 41. Ke3 h3 42. gxh3 Kg7 43. Bb6 Rc3+ 44. Kf2 Kg6 45. Rxf7 Kh5 46. Rh7+ Kg6
47. Bd8 Rc2+ 48. Kg3 Kf5 49. Rhg7 Kxe5 50. Rxg5+ Kd6 51. Rxb5 Re2 52. Bc7+ Kd7
53. Be5+ Kc6 54. Rc5+ Kb6 55. Re7 Rxe5 56. Rxe5 1-0

[Event "Aktivschach 2008"]
[Site "?"]
[Date "2009.08.12"]
[Round "2"]
[White "Super Expert C 6 MHz, Novag"]
[Black "Roma 68000, Mephisto"]
[Result "1-0"]
[WhiteElo "2034"]
[BlackElo "1995"]
[Annotator "Alexander Riedel"]
[PlyCount "47"]
[EventDate "2008.??.??"]
[SourceDate "2009.06.14"]

1. e4 c6 2. d4 d5 3. exd5 cxd5 4. c4 Nf6 5. Nc3 e6 6. Nf3 Bb4 7. cxd5 Nxd5 8.
Bd2 Nc6 9. Bd3 O-O 10. O-O Nf6 11. Bg5 h6 12. Bh4 g5 13. Bg3 g4 14. Ne5 h5 15.
Nxc6 bxc6 16. Qd2 Re8 17. Qg5+ Kf8 18. Be5 Be7 19. Qh6+ Kg8 20. Bh7+ Kh8 21.
Bxf6+ Bxf6 22. Bg6+ Kg8 23. Qh7+ Kf8 24. Qxf7# 1-0

[Event "Aktivschach 2008"]
[Site "?"]
[Date "2009.08.13"]
[Round "2"]
[White "Super Expert C 6 MHz, Novag"]
[Black "Monte Carlo, Mephisto"]
[Result "1/2-1/2"]
[WhiteElo "2034"]
[BlackElo "1888"]
[Annotator "Alexander Riedel"]
[PlyCount "42"]
[EventDate "2008.??.??"]
[SourceDate "2009.06.14"]

1. e4 c5 2. Nf3 Nc6 3. d4 cxd4 4. Nxd4 g6 5. Nc3 Bg7 6. Be3 Nf6 7. Bc4 Qa5 8.
O-O O-O 9. Nb3 Qc7 10. f4 d6 11. Be2 b6 12. Bf3 Bb7 13. Bf2 Rac8 14. Nd5 Nxd5
15. exd5 Nb8 16. c3 Nd7 17. Nd4 Rfe8 18. Nb5 Qb8 19. Nd4 Qc7 20. Nb5 Qb8 21.
Nd4 Qc7 1/2-1/2

[Event "Aktivschach 2008"]
[Site "?"]
[Date "2009.09.02"]
[Round "1"]
[White "Monte Carlo, Mephisto"]
[Black "D++ 6 MHz, Saitek"]
[Result "0-1"]
[WhiteElo "1888"]
[BlackElo "2026"]
[Annotator "Alexander Riedel"]
[PlyCount "105"]
[EventDate "2008.??.??"]
[SourceDate "2009.06.14"]

1. e4 c5 2. Nf3 e6 3. d4 cxd4 4. Nxd4 Nf6 5. Nc3 Nc6 6. a3 Nxd4 7. Qxd4 d5 8.
Bg5 Be7 9. exd5 O-O 10. O-O-O Nxd5 11. Bxe7 Qxe7 12. Nxd5 exd5 13. h4 Be6 14.
Bd3 Rfe8 15. Rde1 a6 16. Rh3 Rac8 17. Rhe3 b5 18. Qf4 Qc5 19. R3e2 h6 20. Bf5
Rc6 21. Re5 a5 22. R5e3 d4 23. Re5 Qb6 24. Bxe6 fxe6 25. Qe4 Rf8 26. f4 Rfc8
27. Re2 Rf8 28. g3 Rf6 29. g4 d3 30. Qxd3 Rxf4 31. Rxb5 Qg1+ 32. Kd2 Rd4 33.
Rb8+ Kf7 34. Rb7+ Kf6 35. g5+ hxg5 36. hxg5+ Qxg5+ 37. Re3 Rxc2+ 38. Kxc2 Rxd3
39. Kxd3 Qd5+ 40. Ke2 Qxb7 41. Rf3+ Ke5 42. b3 g5 43. Kf2 Qd5 44. Ke2 g4 45.
Rd3 Qg2+ 46. Ke1 g3 47. Re3+ Kd4 48. Rxe6 Qf2+ 49. Kd1 Qf3+ 50. Kd2 Qc3+ 51.
Ke2 Qc2+ 52. Kf3 Qxb3+ 53. Kg2 0-1

[Event "Aktivschach 2008"]
[Site "?"]
[Date "2008.09.08"]
[Round "1"]
[White "Monte Carlo, Mephisto"]
[Black "GK 2000, Saitek"]
[Result "0-1"]
[WhiteElo "1888"]
[BlackElo "1974"]
[Annotator "Alexander Riedel"]
[PlyCount "138"]
[EventDate "2008.??.??"]
[SourceDate "2009.06.14"]

1. c4 e5 2. Nf3 Nc6 3. Nc3 Nf6 4. g3 Bb4 5. Bg2 O-O 6. O-O e4 7. Ng5 Bxc3 8.
bxc3 Re8 9. d3 exd3 10. exd3 b6 11. Be3 Bb7 12. Re1 h6 13. Nf3 Ng4 14. Bf4
Rxe1+ 15. Nxe1 Nf6 16. Nf3 Nh5 17. Be3 Nf6 18. Nd4 Na5 19. h3 Bxg2 20. Kxg2 c5
21. Nf5 d5 22. Bxh6 gxh6 23. Nxh6+ Kf8 24. Qf3 Rb8 25. Rd1 dxc4 26. dxc4 Qe7
27. Ng4 Nxg4 28. Qxg4 Re8 29. Rd7 Qe6 30. Qxe6 Rxe6 31. Rxa7 Re7 32. Ra8+ Kg7
33. h4 Nxc4 34. Kf3 Nd2+ 35. Kg2 Re2 36. Ra3 Kg6 37. g4 f5 38. Ra4 Ne4 39. Kf3
Rxf2+ 40. Ke3 Rh2 41. Ra6 Rxh4 42. Rxb6+ Kg5 43. gxf5 Kxf5 44. Kd3 Rh3+ 45. Kc2
Rxc3+ 46. Kb2 Rd3 47. a4 c4 48. a5 c3+ 49. Kb3 Rd2 50. Rc6 Rb2+ 51. Ka4 Ra2+
52. Kb4 Ke5 53. Rc8 Kd6 54. a6 Rxa6 55. Kb5 Ra2 56. Kc4 Kd7 57. Rh8 c2 58. Rh7+
Kc6 59. Rh1 Ra3 60. Rg1 Nd2+ 61. Kb4 Rb3+ 62. Ka4 Rb1 63. Rg6+ Kd5 64. Ka5 Nc4+
65. Ka4 Ra1+ 66. Kb3 c1=Q 67. Rd6+ Kxd6 68. Kb4 Rb1+ 69. Ka4 Qa3# 0-1

[Event "Aktivschach 2008"]
[Site "?"]
[Date "2009.09.04"]
[Round "2"]
[White "Monte Carlo, Mephisto"]
[Black "Kishon Chesster, Fidelity"]
[Result "1-0"]
[WhiteElo "1888"]
[BlackElo "1874"]
[Annotator "Alexander Riedel"]
[PlyCount "131"]
[EventDate "2008.??.??"]
[SourceDate "2009.06.14"]

1. c4 e5 2. Nf3 e4 3. Nd4 Nc6 4. Nxc6 dxc6 5. d4 Bb4+ 6. Bd2 a5 7. e3 Nf6 8.
Bxb4 axb4 9. Be2 O-O 10. Nd2 Bf5 11. O-O Qe7 12. Nb3 Rfd8 13. Nc5 b6 14. Nb3 c5
15. Qc2 c6 16. dxc5 bxc5 17. Rfd1 Rxd1+ 18. Bxd1 Rd8 19. Be2 Ng4 20. Rd1 Rxd1+
21. Bxd1 Qe5 22. h3 Qh2+ 23. Kf1 Qh1+ 24. Ke2 Nh2 25. Nd2 Qxg2 26. Qa4 Qxh3 27.
Qa8+ Bc8 28. Nxe4 h5 29. Kd2 Nf1+ 30. Ke2 Qd7 31. Nd6 Qxd6 32. Qxc8+ Kh7 33.
Bc2+ g6 34. Kxf1 Qd2 35. Bb3 Qxb2 36. Qxc6 Qa1+ 37. Ke2 Qb2+ 38. Kf3 Qe5 39.
Qd5 Qe7 40. Ba4 Kg7 41. e4 Qf6+ 42. Kg2 Qa6 43. Bb3 Qc8 44. Bd1 f6 45. e5 fxe5
46. Qxe5+ Kg8 47. Bf3 Kh7 48. Qg5 Kg7 49. Bxh5 Qa6 50. Kg3 Qd6+ 51. f4 Qd3+ 52.
Kf2 Qd4+ 53. Kg2 Qe4+ 54. Kh2 Qc2+ 55. Kg3 Qd3+ 56. Bf3 Qxc4 57. f5 Qxa2 58.
Qxg6+ Kh8 59. f6 Qg8 60. Qxg8+ Kxg8 61. Bd5+ Kf8 62. f7 Ke7 63. Kf4 Kf8 64. Ke5
c4 65. Bxc4 b3 66. Bxb3 1-0

[Event "Aktivschach 2008"]
[Site "?"]
[Date "2008.10.29"]
[Round "2"]
[White "Monte Carlo, Mephisto"]
[Black "MM II + HG240, Mephisto"]
[Result "1/2-1/2"]
[WhiteElo "1888"]
[BlackElo "1805"]
[Annotator "Alexander Riedel"]
[PlyCount "35"]
[EventDate "2008.??.??"]
[SourceDate "2009.06.14"]

1. Nf3 d5 2. c4 c6 3. cxd5 cxd5 4. d4 Nf6 5. Nc3 Nc6 6. Bf4 Bf5 7. e3 e6 8. Qb3
Bb4 9. Bb5 Qa5 10. O-O O-O 11. a3 Bxc3 12. bxc3 Qb6 13. Rfc1 Nh5 14. Bg5 Na5
15. Qb4 Nc6 16. Qb3 Na5 17. Qb4 Nc6 18. Qb3 1/2-1/2

[Event "Aktivschach 2008"]
[Site "?"]
[Date "2008.01.30"]
[Round "2"]
[White "Monte Carlo, Mephisto"]
[Black "MM IV + HG440, Mephisto"]
[Result "1/2-1/2"]
[WhiteElo "1888"]
[BlackElo "1946"]
[Annotator "Alexander Riedel"]
[PlyCount "96"]
[EventDate "2008.??.??"]
[SourceDate "2009.06.14"]

1. c4 e5 2. Nc3 Nf6 3. Nf3 Nc6 4. g3 d5 5. cxd5 Nxd5 6. Bg2 Be6 7. O-O Nb6 8.
a3 a5 9. d3 Bd6 10. Be3 Ra6 11. Ng5 Bd7 12. Nge4 O-O 13. Nxd6 cxd6 14. Ne4 Bf5
15. Rc1 Re8 16. Bg5 f6 17. Be3 Bg6 18. Qc2 f5 19. Nc3 Bf7 20. Nb5 d5 21. d4 Nc4
22. Qxf5 g6 23. Qg5 Rb6 24. Qxd8 Rxd8 25. a4 Nxd4 26. Nxd4 Nxe3 27. fxe3 exd4
28. exd4 Rxb2 29. e3 b5 30. Rc7 Be6 31. axb5 Rxb5 32. Re7 Bf5 33. Rc1 h6 34.
Rcc7 Rb1+ 35. Kf2 Rb2+ 36. Ke1 Rxg2 37. Rg7+ Kf8 38. Rgf7+ Kg8 39. Rg7+ Kf8 40.
Rcf7+ Ke8 41. Re7+ Kf8 42. Ref7+ Ke8 43. Re7+ Kf8 44. Kf1 Rxh2 45. Ref7+ Ke8
46. Re7+ Kf8 47. Ref7+ Ke8 48. Re7+ Kf8 1/2-1/2

[Event "Aktivschach 2008"]
[Site "?"]
[Date "2009.09.06"]
[Round "1"]
[White "Monte Carlo, Mephisto"]
[Black "Modena, Mephisto"]
[Result "0-1"]
[WhiteElo "1888"]
[BlackElo "1859"]
[Annotator "Alexander Riedel"]
[PlyCount "128"]
[EventDate "2008.??.??"]
[SourceDate "2009.06.14"]

1. e4 c5 2. Nf3 d6 3. c3 Nf6 4. Bc4 e6 5. Qe2 Be7 6. d4 d5 7. exd5 exd5 8. Bd3
c4 9. Bc2 O-O 10. O-O Bg4 11. b3 cxb3 12. axb3 Re8 13. Bg5 h6 14. Bh4 Nc6 15.
Nbd2 Ne4 16. Bxe7 Qxe7 17. Qd3 Bf5 18. Rfe1 Qf6 19. Nxe4 dxe4 20. Qb5 g6 21.
Nd2 e3 22. Bxf5 exd2 23. Red1 a6 24. Qxb7 gxf5 25. Rxd2 Reb8 26. Qc7 Rxb3 27.
Qg3+ Kh7 28. Qd3 Ne7 29. Qc4 Rb6 30. Qd3 a5 31. c4 a4 32. f3 Rb3 33. Qc2 Nc6
34. Rad1 Nb4 35. Qc1 a3 36. Qa1 Qc6 37. d5 Qc5+ 38. Kh1 Qxc4 39. Qf6 Ra7 40.
Qxf5+ Kg7 41. Qe5+ f6 42. Qb8 Qc7 43. Qxc7+ Rxc7 44. d6 Rd7 45. Re2 a2 46. Rc1
Rb1 47. Ree1 Rxc1 48. Rxc1 Nc2 49. h4 Rxd6 50. Kh2 Rd2 51. Kh3 Re2 52. Rd1 Kg6
53. f4 h5 54. Rf1 Ne1 55. f5+ Kh6 56. Rg1 a1=Q 57. g4 Qa7 58. Rg3 hxg4+ 59.
Rxg4 Re3+ 60. Kh2 Qa2+ 61. Kh1 Rh3+ 62. Kg1 Nf3+ 63. Kf1 Rh1+ 64. Rg1 Rxg1# 0-1

[Event "Aktivschach 2008"]
[Site "?"]
[Date "2008.08.28"]
[Round "1"]
[White "Monte Carlo, Mephisto"]
[Black "Polgar, Mephisto"]
[Result "1/2-1/2"]
[WhiteElo "1888"]
[BlackElo "2002"]
[Annotator "Alexander Riedel"]
[PlyCount "89"]
[EventDate "2008.??.??"]
[SourceDate "2009.06.14"]

1. e4 e5 2. Nf3 Nf6 3. Nxe5 d6 4. Nf3 Nxe4 5. d4 d5 6. Bd3 Bd6 7. Nbd2 Nxd2 8.
Bxd2 O-O 9. O-O Re8 10. Ng5 h6 11. Bh7+ Kf8 12. Nf3 Bg4 13. h3 Bh5 14. Re1
Rxe1+ 15. Bxe1 Nc6 16. Bc3 g6 17. g4 Bxg4 18. hxg4 Kg7 19. Ne5 Bxe5 20. dxe5
Kxh7 21. f4 Qh4 22. Qf3 h5 23. gxh5 gxh5 24. Kf1 Qh2 25. Qd3+ Kg8 26. Qxd5
Qxf4+ 27. Kg1 Qe3+ 28. Kh2 Kf8 29. Rf1 Qe2+ 30. Kg1 Qg4+ 31. Kh2 Qh4+ 32. Kg1
Nd8 33. Rf2 Qg5+ 34. Kh2 Qg4 35. Qc5+ Ke8 36. Qxc7 Rc8 37. Qd6 Rc6 38. Qd4 Rg6
39. Qxg4 Rxg4 40. Rf5 Rh4+ 41. Kg3 Rh1 42. Kg2 Rh4 43. Kg3 Rh1 44. Kg2 Rh4 45.
Kg3 1/2-1/2

[Event "Aktivschach 2008"]
[Site "?"]
[Date "2009.08.23"]
[Round "1"]
[White "Monte Carlo, Mephisto"]
[Black "Roma 68000, Mephisto"]
[Result "1/2-1/2"]
[WhiteElo "1888"]
[BlackElo "1995"]
[Annotator "Alexander Riedel"]
[PlyCount "116"]
[EventDate "2008.??.??"]
[SourceDate "2009.06.14"]

1. e4 Nf6 2. e5 Nd5 3. d4 d6 4. c4 Nb6 5. exd6 exd6 6. Nc3 Be7 7. Be2 O-O 8.
Nf3 Bg4 9. O-O Nc6 10. b3 Bf6 11. Be3 d5 12. Nxd5 Nxd5 13. cxd5 Qxd5 14. h3 Bf5
15. Bc4 Qd7 16. Rc1 Rfe8 17. d5 Ne7 18. Nd4 Red8 19. Nxf5 Nxf5 20. Bf4 Ne7 21.
Qd3 Ng6 22. Bg3 a6 23. b4 Bg5 24. Rcd1 Bf4 25. Rfe1 Bxg3 26. Qxg3 Re8 27. Kh2
Rad8 28. Be2 Re5 29. Bg4 Qe7 30. Rxe5 Nxe5 31. Bf5 c6 32. Be4 g6 33. Rd4 Qf6
34. Qe3 Rd6 35. f4 cxd5 36. Bxd5 Nc6 37. Rd2 Nxb4 38. Bxb7 a5 39. Bf3 Re6 40.
Qd4 Qxd4 41. Rxd4 Re3 42. a4 Ra3 43. Bd1 Kg7 44. g3 Kf6 45. h4 h5 46. Kh3 Re3
47. Kg2 Ke6 48. Kf2 Rc3 49. Be2 Kf5 50. Bc4 Kf6 51. Bb5 Kf5 52. Kg2 Kg4 53.
Be2+ Kf5 54. Rd7 Rc2 55. Kf1 Ke6 56. Rb7 Rc1+ 57. Kf2 Rc2 58. Ke1 Rc1+ 1/2-1/2

[Event "Aktivschach 2008"]
[Site "?"]
[Date "2009.08.13"]
[Round "1"]
[White "Monte Carlo, Mephisto"]
[Black "Super Expert C 6 MHz, Novag"]
[Result "0-1"]
[WhiteElo "1888"]
[BlackElo "2034"]
[Annotator "Alexander Riedel"]
[PlyCount "161"]
[EventDate "2008.??.??"]
[SourceDate "2009.06.14"]

1. Nf3 Nf6 2. d4 e6 3. c4 b6 4. Nc3 Bb7 5. Bg5 Be7 6. e3 h6 7. Bxf6 Bxf6 8. Bd3
Nc6 9. O-O Qe7 10. Ne4 O-O-O 11. Nxf6 gxf6 12. e4 e5 13. d5 Nb4 14. Be2 Na6 15.
Nh4 Qb4 16. Qc2 Nc5 17. Nf5 d6 18. Bh5 Rh7 19. Rfd1 Kb8 20. h3 Rg8 21. Ne7 Rg5
22. Bg4 h5 23. Bf3 h4 24. Bg4 Qa4 25. b3 Qb4 26. Rac1 Rh8 27. Nf5 a6 28. Qe2
Ka7 29. Kh2 Rgg8 30. Qe3 Qa3 31. Rc2 Rg5 32. Rcd2 Qa5 33. Qf3 Qb4 34. Ne7 Rh7
35. Kg1 Qa3 36. Re2 Rh6 37. Bc8 Bxc8 38. Nxc8+ Kb7 39. Ne7 Kb8 40. Nc6+ Ka8 41.
Red2 Rhg6 42. Re2 Rxg2+ 43. Qxg2 Rxg2+ 44. Kxg2 f5 45. exf5 a5 46. f3 a4 47. f4
axb3 48. axb3 Nxb3 49. fxe5 Nc1 50. Ree1 Qg3+ 51. Kh1 Qxh3+ 52. Kg1 Qg4+ 53.
Kh2 Qg3+ 54. Kh1 Qf3+ 55. Kh2 Nb3 56. exd6 Qf4+ 57. Kg2 Qg3+ 58. Kf1 Qf3+ 59.
Kg1 Qg4+ 60. Kf2 Qxf5+ 61. Ke3 Qg5+ 62. Kd3 Nc5+ 63. Kc2 Qf5+ 64. Kb2 Qf2+ 65.
Kc3 Qg3+ 66. Kd4 Nb3+ 67. Ke4 Nd2+ 68. Kf5 Qg6+ 69. Kf4 Qxd6+ 70. Kf5 Qg6+ 71.
Kf4 Qg3+ 72. Kf5 Qf3+ 73. Kg5 Ne4+ 74. Kh6 Qf6+ 75. Kh7 Kb7 76. Ra1 Ng5+ 77.
Kg8 Qg6+ 78. Kf8 Nh7+ 79. Ke7 Qd6+ 80. Kxf7 Qd7+ 81. Kg6 0-1